Dacca law reports : table of cases. Volume IV.

গ্রন্থ-পঞ্জীর বিবরন
বিন্যাস: গ্রন্থ
ভাষা:English
প্রকাশিত: Dacca [Bangladesh] : Dacca Law Reports, 1952.
বিষয়গুলি:
Classic Catalogue: View this record in Classic Catalogue
LEADER 01602nam a2200313 a 4500
001 0020894
003 BD-DhAAL
008 100927s1952 bg w 000 0 eng d
040 |a BD-DhAAL  |c BD-DhAAL 
082 0 0 |a 348.5492046  |2 22 
130 0 |a DLR  |9 4039 
245 0 0 |a Dacca law reports :  |b table of cases.  |n Volume IV. 
246 1 7 |a The Dhaka Law Reports. 
260 |a Dacca [Bangladesh] :  |b Dacca Law Reports,  |c 1952. 
300 |a iv, 660 p. :  |c 25 cm 
362 0 |a Vol. 4 (1952) 
500 |a "A journal of law reports." 
500 |a Latest issue consulted: Vol.IV,January to December,1952 
526 |a SOL  |x Saira Rahman Khan, Associate Professor School of Law BRAC University 
541 |e 0020894, 0022282  |a Anupam Gyan Bhandar 
590 |a Published yearly. 
650 0 |a Law reports, digests, etc.  |z Bangladesh.  |9 4040 
650 0 |a Law reports, digests, etc.  |z India  |z Bengal.  |9 4041 
852 4 |a Ayesha Abed Library 
942 |2 ddc  |c 1HOUR  |0 1 
999 |c 10646  |d 10646 
952 |0 0  |1 0  |2 ddc  |4 0  |6 348_549204600000000_DAC  |7 0  |8 REF  |9 16013  |a BRACUL  |b BRACUL  |c REF  |d 2011-04-07  |l 7  |o 348.5492046 DAC  |p 3010022282  |r 2015-11-08  |s 2015-11-08  |t 2  |w 2011-04-07  |y 1HOUR 
952 |0 0  |1 0  |2 ddc  |4 0  |6 348_549204600000000_DAC  |7 0  |8 REF  |9 23991  |a BRACUL  |b BRACUL  |c REF  |d 2014-03-20  |e Anupam Gyan Bhandar  |l 0  |o 348.5492046 DAC  |p 3010020894  |r 2014-03-20  |t 1  |w 2014-03-20  |y 1HOUR  |x Requisitioned by Saira Rahman Khan, Associate Professor, School of Law, BRAC University. 
952 |0 0  |1 0  |2 ddc  |4 0  |6 348_549200000000000_046_DAC  |7 0  |8 REF  |9 54133  |a BRACUL  |b BRACUL  |c REF  |d 2015-06-08  |g 994.00  |l 0  |o 348.5492046 DAC  |p 3010029126  |r 2015-06-08  |t 3  |w 2015-06-08  |y 1HOUR